Занимательная грамматика ненецкого языка (Запись № 10486251)
[ простой вид ]
| 000 -МАРКЕР | |
|---|---|
| контрольное поле | 01675nam0a2200301 i 4500 |
| 001 - ИДЕНТИФИКАТОР ЗАПИСИ | |
| контрольное поле | RU\NLR\BIBL_A\010877121 |
| 005 - ИДЕНТИФИКАТОР ВЕРСИИ | |
| контрольное поле | 20241213103106.0 |
| 010 ## - МЕЖДУНАРОДНЫЙ СТАНДАРТНЫЙ НОМЕР КНИГИ (ISBN) | |
| Номер (ISBN) | 978-5-9905607-2-7 |
| Тираж | 200 |
| 021 ## - НОМЕР ГОСУДАРСТВЕННОЙ РЕГИСТРАЦИИ | |
| Код страны | Российская Федерация |
| Номер | 2015-75167 |
| Номер Листа государственной регистраци | 4534 |
| 035 ## - ДРУГИЕ СИСТЕМНЫЕ НОМЕРА | |
| Идентификатор записи | (NLR Aleph) 010877121 |
| 100 ## - ДАННЫЕ ОБЩЕЙ ОБРАБОТКИ | |
| Данные общей обработки | 20151028d2014 u y0rusy50 ca |
| 101 0# - ЯЗЫК РЕСУРСА | |
| Язык текста, звукозаписи и т.д. | русский |
| -- | ненецкий (юрако-самоедский) |
| 102 ## - СТРАНА ПУБЛИКАЦИИ ИЛИ ПРОИЗВОДСТВА | |
| Страна публикации | Российская Федерация |
| 105 ## - ПОЛЕ КОДИРОВАННЫХ ДАННЫХ: ТЕКСТОВЫЕ МАТЕРИАЛЫ, МОНОГРАФИЧЕСКИЕ | |
| Кодированные данные о монографическом текстовом документе | a|||j|||000yy |
| 200 1# - ЗАГЛАВИЕ И СВЕДЕНИЯ ОБ ОТВЕТСТВЕННОСТИ | |
| Основное заглавие | Занимательная грамматика ненецкого языка |
| Сведения, относящиеся к заглавию | (лесной диалект) |
| -- | 1 класс |
| -- | экспериментальное учебное пособие для детей, не владеющих ненецким языком |
| Первые сведения об ответственности | Ф. А. Гизатуллина, А. А. Шиянова |
| Последующие сведения об ответственности | Деп. образования и молодеж. политики Ханты-Манс. авт. окр. - Югры, БУ ХМАО - Югры "Обско-угор. ин-т прикл. исслед. и разраб." |
| 210 ## - ПУБЛИКАЦИЯ, РАСПРОСТРАНЕНИЕ И ДР. | |
| Место издания, распространения и т.д. | Ханты-Мансийск |
| Имя издателя, распространителя и т. д. | Югорский формат |
| Дата издания, распространения и т.д. | 2014 |
| 215 ## - ФИЗИЧЕСКАЯ ХАРАКТЕРИСТИКА | |
| Специфическое обозначение материала и объем | 23 с. |
| Другие сведения о физической характеристике | ил., цв. ил. |
| Размеры | 30 |
| 606 1# - НАИМЕНОВАНИЕ ТЕМЫ КАК ПРЕДМЕТ | |
| Наименование темы | Ненецкий язык |
| Формальный подзаголовок | Учебные издания для национальной школы |
| Тематический подзаголовок | Лесной диалект |
| Системный номер авторитетной/нормативной записи | 1677345 |
| Идентификатор авторитетной/нормативной записи | RU\NLR\AUTH\66744425 |
| 686 3# - ИНДЕКСЫ ДРУГИХ КЛАССИФИКАЦИЙ | |
| Индекс | Ш166.71-93рус21[1] |
| 700 #1 - ИМЯ ЛИЦА - ПЕРВИЧНАЯ ОТВЕТСТВЕННОСТЬ | |
| Начальный элемент ввода | Гизатуллина |
| Часть имени, кроме начального элемента ввода | Ф. А. |
| Расширение инициалов личного имени | Фаина Алексеевна |
| 701 #1 - ИМЯ ЛИЦА - АЛЬТЕРНАТИВНАЯ ОТВЕТСТВЕННОСТЬ | |
| Графика поля | Кириллица |
| Материалы, к которым относится поле | rus |
| Начальный элемент ввода | Шиянова |
| Часть имени, кроме начального элемента ввода | А. А. |
| Расширение инициалов личного имени | Анастасия Антоновна |
| Системный номер авторитетной/нормативной записи | 154588 |
| Идентификатор авторитетной/нормативной записи | RU\NLR\AUTH\770154626 |
| 852 ## - МЕСТОНАХОЖДЕНИЕ И ШИФР ХРАНЕНИЯ | |
| Идентификатор организации | NLR |
| Наименование фонда или коллекции (Sub-Location Identifier) | ОНЛ |
| Шифр хранения (Call Number) | Ненец./5-14 |
| 942 ## - ДОПОЛНИТЕЛЬНЫЕ ЭЛЕМЕНТЫ ЗАПИСИ (АБИС) | |
| Тип экземпляра АБИС | Книга |
| 980 ## - КОЛЛЕКЦИЯ | |
| Название коллекции | НБР |
Нет доступных экземпляров.